000 00953nam a22003137a 4500
003 CHAP
005 20220329134041.0
008 971013s1966 r 00010 d
010 _a14670
011 _a15642
035 _a19718
040 _cCHAP
082 _a575.2
_bG6
100 0 0 _aGottlieb, Frederick J.
_950089
245 _aDevelopmental genetics
260 _aNew York :
_bReinhold,
_c1966
300 _a118 p.
_b: ilus
490 _aReinhold. Selected topics in modern biology
590 _aBATCH-UPD
_b10
_c20130110
_lUCH01
_h1816
590 _aBATCH-UPD
_b10
_c20130410
_lUCH01
_h1150
590 _aBATCH-UPD
_b10
_c20130914
_lUCH01
_h1335
590 _aCONVERSION
_b10
_c20130109
_lUCH01
_h1309
650 1 4 _aEvolución.
_939007
650 1 4 _aGenética.
_947469
830 0 _aReinhold. Selected topics in modern biology
_995784
901 _aBK
942 _cLIBRO
949 _a575.2 G6
_bBC
_cLIBRO
_d33724000473021
_eLIBRO
_h15636
_i19718
_si
999 _c14670
_d14670